Zielona brama /

Сохранить в:
Библиографические подробности
Главный автор: Meissner, Janusz (1901-1978)
Соавтор: Wydawnictwo Spółdzielcze
Формат:
Язык:польский
Опубликовано: Warszawa : Wydawnictwo Spółdzielcze, 1987
Редактирование:[Wydanie 5 i. e. 2].
Метки: Добавить метку
Нет меток, Требуется 1-ая метка записи!

MARC

LEADER 00000nam a2200000 i 4500
001 991007266049705066
005 20260515140225.0
008 981023s1987 pl |000 f pol
020 |a 8320905117 
035 |a 991007266049705066 
035 |a (PL-WaBN)b11886778-48omnis_nlop 
035 |a b11886778 
035 |a (OCoLC)835870759 
035 |a (PL)b0000001188677 
035 |a (EXLNZ-48OMNIS_NETWORK)9910118199105606 
040 |a WA N  |c WA N  |d KR U 
041 0 |a pol 
080 |a 821.162.1-3 
090 |c 39  |d 38 
100 1 |a Meissner, Janusz  |d (1901-1978) 
245 1 0 |a Zielona brama /  |c Janusz Meissner. 
250 |a [Wydanie 5 i. e. 2]. 
260 |a Warszawa :  |b Wydawnictwo Spółdzielcze,  |c 1987  |e (Inowrocław :  |f DK). 
300 |a 270, [2] strony ;  |c 21 cm. 
710 2 |a Wydawnictwo Spółdzielcze 
920 |a 83-209-0511-7 zł 300 
942 |c K 
952 |0 0  |1 0  |4 0  |6 R__19_000000000000000  |7 0  |9 37  |a RYT  |b RYT  |d 2026-03-17  |e 1/2026  |g 10.00  |l 0  |o R.19  |p 2000000000190  |r 2026-05-15 14:02:25  |w 2026-05-15  |y BK  |z da 
999 |c 37  |d 37